| 000 | 00752nam a22002177a 4500 | ||
|---|---|---|---|
| 008 | 090205t xxu||||| |||| 00| 0 eng d | ||
| 010 | _aENG-92874 | ||
| 020 | _c80.00 | ||
| 035 | _aEN-76407 | ||
| 037 | _bDBAD / PUB | ||
| 040 |
_adpl _bEnglish |
||
| 082 | _a330.954 | ||
| 100 | _aKarnan, A. | ||
| 245 |
_aIndian economy / _cby A. Karnan |
||
| 260 |
_aPerambalur _bMercury Printers & Publishers _c2007 |
||
| 300 |
_a57p. _c20cm (pbk) |
||
| 651 |
_aIndia _xEconomic conditions |
||
| 651 |
_aIndia _xEconomic policy |
||
| 942 |
_2ddc _cEN _mKAR _h330.954 |
||
| 999 |
_c23071 _d23071 |
||